000 00635nam a22002177a 4500
005 20170124110101.0
010 _aA-423481
020 _c100.00
035 _aA-423481
037 _bCen Lib/Ret
040 _aDPL
_bEN
082 _a921
_bEVA
100 _aEvans, Richard
_927216
245 _aVijay Amritraj :
_cby Richard Evans
_ban autobiography /
260 _aCalcutta
_bRupa
_c1990
270 _bCalcutta
_a15 Bankim Chatterjee
_e700073
300 _a315p.
_c22cm(Hb)
650 _aAmritraj, Vijay, -- 1953-
_927217
650 _aTennis players -- India -- Biography
_927218
942 _2ddc
_cEN
_h921
_mEVA
999 _c129724
_d129724